Dialéctica del poder (Editorial)

Enregistré dans:
Détails bibliographiques
Format: Texte
Sujets:
Tags: Ajouter un tag
Pas de tags, Soyez le premier à ajouter un tag!

MARC

LEADER 00000 a a2200000 04500
001 1931
003
040
245 |a Dialéctica del poder (Editorial)  
650 |a PODER POLITICO  
650 |a POLITICA  
650 |a PRODUCCION  
650 |a GOBIERNO  
650 |a TEORIA  
773 |g número 24 -25; páginas 3-10  
999 |c 38107  |d 38107